000 00581nam a22001817a 4500
005 20251108165357.0
008 250721s1997 xx 000 0 ara d
082 1 4 _aم/214/ورج
100 1 _aالورجلاني، أبو يعقوب بن يوسف بن إبراهيم
245 1 0 _aالدليل و البرهان /
264 1 _aعمان :
_bوزارو التراث،
_c1997.
300 _aج
650 1 7 _aالعقيدة الدينية
650 1 7 _aعلم الكلام
700 1 _aالحارثي، سالم بن حمد
_eتحقيق
942 _2ddc
_cREF
999 _c26440
_d26440